[Event "CZE-chT2A 2223"]
[Site "Czech Republic"]
[Date "2023.03.26"]
[Round "11.4"]
[White "Ruzicka, Ales"]
[Black "Chalupa, Ivan"]
[Result "1/2-1/2"]
[WhiteElo "2079"]
[BlackElo "2091"]
[PlyCount "85"]
[EventDate "2022.10.16"]
[EventType "team-tourn"]
[EventRounds "11"]
[EventCountry "CZE"]
[SourceTitle "EXT 2024"]
[Source "ChessBase"]
[SourceDate "2023.10.10"]
[SourceVersion "1"]
[SourceVersionDate "2023.10.10"]
[SourceQuality "1"]
[WhiteTeam "Tabor"]
[BlackTeam "Vysehrad II"]
[WhiteTeamCountry "CZE"]
[BlackTeamCountry "CZE"]

1. e4 c5 2. Nf3 e6 3. d4 cxd4 4. Nxd4 a6 5. Bd3 Bc5 6. Nb3 Be7 7. 0-0 d6 8. Nc3 Nf6 9. Be3 Qc7 10. a4 b6 11. f4 Bb7 12. Qf3 Nbd7 13. Rad1 0-0 14. Qg3 Kh8 15. Qh3 e5 16. f5 h6 17. g4 Nh7 18. Nd5 Bxd5 19. exd5 Bg5 20. Bxg5 Nxg5 21. Qg2 f6 22. h4 Nh7 23. Kh2 Nc5 24. Nxc5 Qxc5 25. Qe2 a5 26. Bb5 Qc7 27. Rd3 Rfc8 28. Rc3 Qe7 29. Bc6 Rab8 30. Rff3 Nf8 31. Qb5 Kg8 32. Rfe3 Kf7 33. Re4 Rc7 34. Rec4 Nd7 35. Bxd7 Rxd7 36. Rc6 Rdb7 37. Qc4 e4 38. Rc7 Rxc7 39. Qxc7 Rb7 40. Qxe7+ Rxe7 41. Re3 Re5 42. Kg3 Rxd5 43. Rxe4 1/2-1/2

[Event "CZE-chT2A 1920"]
[Site "Czech Republic"]
[Date "2020.01.26"]
[Round "7.1"]
[White "Hurdzan, Tomas"]
[Black "Ruzicka, Ales"]
[Result "1-0"]
[WhiteElo "2325"]
[BlackElo "2108"]
[PlyCount "63"]
[EventDate "2019.10.13"]
[EventType "team-tourn"]
[EventRounds "11"]
[EventCountry "CZE"]
[SourceTitle "EXT 2024"]
[Source "ChessBase"]
[SourceDate "2023.10.10"]
[SourceVersion "1"]
[SourceVersionDate "2023.10.10"]
[SourceQuality "1"]
[WhiteTeam "Klatovy"]
[BlackTeam "Tabor"]
[WhiteTeamCountry "CZE"]
[BlackTeamCountry "CZE"]

1. Nf3 Nf6 2. d4 g6 3. c4 Bg7 4. g3 0-0 5. Bg2 d6 6. 0-0 Nbd7 7. Nc3 e5 8. e4 exd4 9. Nxd4 Ne5 10. b3 Bd7 11. h3 Re8 12. Be3 a6 13. f4 Nc6 14. Qd2 Nxd4 15. Bxd4 Bc6 16. Qc2 Nd7 17. Bxg7 Kxg7 18. Rad1 Qe7 19. Rfe1 f6 20. b4 Nb6 21. Nd5 Bxd5 22. cxd5 Qd7 23. Qc3 Re7 24. e5 fxe5 25. fxe5 Rxe5 26. Rxe5 dxe5 27. Qxe5+ Kg8 28. d6 Re8 29. Qc5 Qa4 30. Rd2 Qd7 31. Qxc7 Qb5 32. d7 1-0

[Event "CZE-chT2A 1920"]
[Site "Czech Republic"]
[Date "2019.11.03"]
[Round "2.2"]
[White "Dolezal, Radoslav"]
[Black "Ruzicka, Ales"]
[Result "1-0"]
[WhiteElo "2371"]
[BlackElo "2108"]
[PlyCount "55"]
[EventDate "2019.10.13"]
[EventType "team-tourn"]
[EventRounds "11"]
[EventCountry "CZE"]
[SourceTitle "EXT 2024"]
[Source "ChessBase"]
[SourceDate "2023.10.10"]
[SourceVersion "1"]
[SourceVersionDate "2023.10.10"]
[SourceQuality "1"]
[WhiteTeam "Pankrac II"]
[BlackTeam "Tabor"]
[WhiteTeamCountry "CZE"]
[BlackTeamCountry "CZE"]

1. d4 Nf6 2. Bg5 g6 3. Bxf6 exf6 4. c4 f5 5. Nc3 Bg7 6. e3 d6 7. g3 Bd7 8. Qb3 b6 9. Bg2 Bc6 10. Nd5 0-0 11. Ne2 Qd7 12. Nec3 a5 13. 0-0 Na6 14. Ne7+ Qxe7 15. Bxc6 Nb4 16. Bxa8 Rxa8 17. a3 Nc6 18. Qb5 Nb8 19. b4 Qd8 20. Qd5 c6 21. Qf3 Ra7 22. Rfd1 Qc7 23. Rac1 Nd7 24. b5 c5 25. Qc6 Nf6 26. dxc5 dxc5 27. Qxc7 Rxc7 28. Rd8+ 1-0

[Event "CZE-chT2A 1819"]
[Site "Czech Republic"]
[Date "2018.11.04"]
[Round "2.6"]
[White "Ruzicka, Ales"]
[Black "Vorisek, Jakub"]
[Result "0-1"]
[WhiteElo "2085"]
[BlackElo "2056"]
[PlyCount "84"]
[EventDate "2018.10.14"]
[EventType "team-tourn"]
[EventRounds "11"]
[EventCountry "CZE"]
[SourceTitle "EXT 2022"]
[Source "ChessBase"]
[SourceDate "2021.10.06"]
[SourceVersion "1"]
[SourceVersionDate "2021.10.06"]
[SourceQuality "1"]
[WhiteTeam "Tabor"]
[BlackTeam "Vlasim"]
[WhiteTeamCountry "CZE"]
[BlackTeamCountry "CZE"]

1. e4 e6 2. d4 d5 3. Nc3 Bb4 4. exd5 exd5 5. Bd3 Nf6 6. Nge2 0-0 7. Bg5 c6 8. Qd2 b5 9. f3 Nbd7 10. g4 Nb6 11. a3 Be7 12. h4 Nc4 13. Bxc4 dxc4 14. Bxf6 Bxf6 15. g5 Be7 16. Ne4 Be6 17. h5 Bd5 18. Rg1 f5 19. gxf6 Bxf6 20. 0-0-0 a5 21. N2g3 b4 22. a4 c3 23. Qg2 cxb2+ 24. Kb1 Ra7 25. h6 g6 26. Nh5 Bh8 27. Qg3 Be6 28. Nc5 Qd5 29. Nxe6 Qxe6 30. Ng7 Bxg7 31. hxg7 Rxg7 32. Rge1 Qf5 33. Re5 Qxf3 34. Qxf3 Rxf3 35. Rxa5 h5 36. Rc5 g5 37. a5 h4 38. a6 g4 39. Rh5 g3 40. Rxh4 g2 41. a7 Rxa7 42. Rg4+ Rg7 0-1

[Event "CZE-chT2C 1213"]
[Site "Czech Republic"]
[Date "2013.01.20"]
[Round "7.6"]
[White "Ruzicka, Ales"]
[Black "Cernovsky, Jiri"]
[Result "1/2-1/2"]
[WhiteElo "2089"]
[BlackElo "2144"]
[PlyCount "44"]
[EventDate "2012.10.14"]
[EventType "team-tourn"]
[EventRounds "11"]
[EventCountry "CZE"]
[SourceTitle "EXT 2015"]
[Source "ChessBase"]
[SourceDate "2014.11.20"]
[SourceVersion "1"]
[SourceVersionDate "2014.11.20"]
[SourceQuality "1"]
[WhiteTeam "Tabor"]
[BlackTeam "Kutna Hora"]
[WhiteTeamCountry "CZE"]
[BlackTeamCountry "CZE"]

1. e4 c6 2. d4 d5 3. Nc3 dxe4 4. Nxe4 Bf5 5. Ng3 Bg6 6. Nf3 Nd7 7. Bd3 Bxd3 8. Qxd3 Ngf6 9. 0-0 e6 10. Bf4 Be7 11. Rfe1 0-0 12. Rad1 Nd5 13. Bd2 Bd6 14. Ng5 N5f6 15. N3e4 Be7 16. c4 Nxe4 17. Nxe4 Ne5 18. Qb3 Ng6 19. Bc3 Qc7 20. d5 exd5 21. cxd5 cxd5 22. Rxd5 Rad8 1/2-1/2

[Event "Tabor op"]
[Site "Tabor"]
[Date "2012.08.05"]
[Round "9"]
[White "Ruzicka, Ales"]
[Black "Wilke, Werner"]
[Result "0-1"]
[WhiteElo "2080"]
[BlackElo "2213"]
[PlyCount "58"]
[EventDate "2012.07.29"]
[EventType "swiss"]
[EventRounds "9"]
[EventCountry "CZE"]
[SourceTitle "EXT 2013"]
[Source "ChessBase"]
[SourceDate "2012.11.22"]
[SourceVersion "1"]
[SourceVersionDate "2012.11.22"]
[SourceQuality "1"]

1. e4 c5 2. Nf3 Nc6 3. Bb5 d6 4. Bxc6+ bxc6 5. 0-0 e5 6. d3 Be7 7. c4 f5 8. exf5 Bxf5 9. Nc3 Nf6 10. Bg5 0-0 11. Ne1 Rb8 12. b3 Qe8 13. Bxf6 Bxf6 14. Ne4 Be7 15. Ng3 Bd7 16. Qe2 Rf4 17. Nc2 Bg4 18. f3 Bd7 19. Ne3 Qg6 20. Rad1 Rbf8 21. a3 a5 22. Rb1 h5 23. b4 axb4 24. axb4 h4 25. Ne4 cxb4 26. Rxb4 d5 27. Rb7 dxe4 28. Rxd7 exf3 29. Qb2 Bc5 0-1

[Event "Tabor op"]
[Site "Tabor"]
[Date "2012.07.30"]
[Round "3"]
[White "Hausner, Ivan"]
[Black "Ruzicka, Ales"]
[Result "1/2-1/2"]
[WhiteElo "2408"]
[BlackElo "2080"]
[PlyCount "51"]
[EventDate "2012.07.29"]
[EventType "swiss"]
[EventRounds "9"]
[EventCountry "CZE"]
[SourceTitle "EXT 2013"]
[Source "ChessBase"]
[SourceDate "2012.11.22"]
[SourceVersion "1"]
[SourceVersionDate "2012.11.22"]
[SourceQuality "1"]

1. e4 c5 2. Nf3 d6 3. d4 cxd4 4. Nxd4 Nf6 5. Nc3 a6 6. Bg5 e6 7. f4 Be7 8. Qe2 Qc7 9. 0-0-0 Nbd7 10. g4 b5 11. Bg2 Bb7 12. Bh4 b4 13. Nb1 Nc5 14. Nd2 Rc8 15. Kb1 a5 16. Rhe1 Ba6 17. Qf3 a4 18. Rc1 Qb6 19. e5 dxe5 20. fxe5 Nd5 21. Bxe7 Nxe7 22. Bf1 0-0 23. Bxa6 Qxa6 24. Ne4 Nxe4 25. Rxe4 Nd5 26. Ne2 1/2-1/2

[Event "CZE-chT2A 1112"]
[Site "Czech Republic"]
[Date "2012.02.05"]
[Round "7"]
[White "Ruzicka, Ales"]
[Black "Tuzil, Vitezslav"]
[Result "1/2-1/2"]
[WhiteElo "2053"]
[BlackElo "2078"]
[PlyCount "51"]
[EventDate "2011.10.09"]
[EventType "team-tourn"]
[EventRounds "11"]
[EventCountry "CZE"]
[SourceTitle "EXT 2013"]
[Source "ChessBase"]
[SourceDate "2012.11.22"]
[SourceVersion "1"]
[SourceVersionDate "2012.11.22"]
[SourceQuality "1"]
[WhiteTeam "Tabor Sokol"]
[BlackTeam "Plzen Sokol"]
[WhiteTeamCountry "CZE"]
[BlackTeamCountry "CZE"]

1. e4 e6 2. d4 d5 3. exd5 exd5 4. Nf3 Nf6 5. Bd3 Bd6 6. 0-0 0-0 7. Bg5 h6 8. Bh4 Be6 9. Nbd2 Nbd7 10. Re1 c6 11. c3 Qc7 12. Bg3 Bg4 13. Bxd6 Qxd6 14. Qc2 Rfe8 15. h3 Bxf3 16. Nxf3 Rxe1+ 17. Rxe1 Re8 18. Rxe8+ Nxe8 19. Qe2 Qe6 20. Kf1 Qxe2+ 21. Kxe2 Nd6 22. Ke3 Kf8 23. Nd2 Ke7 24. Nf3 Ke6 25. Nd2 Ke7 26. Nf3 1/2-1/2